[Event "Turnier 40 / 120"]
[Site "DESKTOP-NL3KVDB"]
[Date "2023.03.17"]
[Round "48"]
[White "MCGE ARM CORTEX M7 - 300 MHZ"]
[Black "Mephisto Phönix Tasc 2401R40 V 2.5 Aktiv - 40 MHZ"]
[Result "1-0"]
[BlackElo "2401"]
[WhiteElo "2405"]

1. e4 e5 2. d4 exd4 3. Bc4 Nf6 4. Nf3 Nxe4 5. Qxd4 Nf6 {Buchende} 6. Nc3
{Buchende} Nc6 {Buchbewertung Tasc R40 V2.5: -0,16 (trotz Mehrbauer, aber
typisch Tasc R40, die Geringschätzung eines Bauern -:))} 7. Qe3+?
{Buchbewertung MCGE: -0,51 / gleich der 1. berechnete Zug ist ein klarer
Fehlgriff und ganz schwach, danach hat Weiss gar nichts mehr für den
geopferten Bauern, zum Ausgleich hingegen führen Dd3 oder Dh4. / Komodo
-1,00} Be7 8. O-O d5? {aber auch Tasc R40 V 2.5 macht gleich im Anschluss
einen Fehlgriff, danach ist der gesamte Vorteil gleich wieder dahin, die
Stellung ist im Lot, nötig war 0-0 mit klarem Vorteil} 9. Rd1 Be6 10.
Qe2??? {ein grottenschlechter Zug, also diese ganz simple Kombination nicht
zu sehen ist schon unterste Schublade muss man sagen, der Bauer d5 kann
doch ganz einfach genommen werden, da er angehängt ist Lxd5, Lxd5, Sxd5,
Sxd5, De4 ! und Weiss hat nach 3 Zügen den Zentrumsbauern retour, nach dem
Textzug verschenkt Weiss diese Chance und Schwarz ist neuerlich klar im
Vorteil, Komodo -1,00} O-O 11. Bg5 Re8 12. Bb3??? {ein Verlustzug, danach
ist die Partie bereits klar verloren, Komodo -1,80 mit der Fortsetzung Sa5,
nötig war Lxf6 mit ca. -1,00} Na5! {richtig, und das war es} 13. Qd2 Nxb3
14. axb3 c5 15. Qf4 h6 16. Bxf6 Bxf6 17. Ra2??? {ohne Worte} g5 18. Qd2 g4
19. Ne1 Bg5 20. Qd3 d4 21. Ne2 Bd7 22. Ng3 Qb6 23. Rda1 a5 24. Qd1 f5 25.
Nd3 f4 26. Nh5 Qc7 27. f3??? {noch ein Katastrophenzug, um ganze 2,5
Bauerneinheiten schlechter als Ta3, Komodo -5,00} b6 28. fxg4 Bc6 29.
Qf1??? {der nächste Katastrophenzug, um ganze 5 Bauerneinheiten !!
schlechter als Se1, Komodo -10,00} Rf8??? {ebenfalls ein Katastrophenzug,
um ganze 6 Bauerneinheiten !!! schlechter als der sofortige Gewinnzug f3,
aber sogar das kann sich Schwarz noch spielend leisten, Komodo +4,00} 30.
Ne1 Rae8 31. Nf3 Qd7 32. h3 Bb5 33. Qb1 {ein unerträglicher Anblick wie
hier alle weissen Schwerfiguren im Eck kauern und hier ein jämmerliches
Dasein fristen und MCGE bewertet diese Katastrophe mit nur -0,90 ???, also
das ist eigentlich unfassbar, Komodo -4,00} d3?? {Tasc R40 V 2.5: +2,58 !!
ist hier bereits vom Sieg fest überzeugt, der Textzug ist aber leider
ebenfalls ein Katastrophenzug, der den Vorteil von Schwarz mehr als
halbiert, dennoch sollte auch das noch zum Sieg reichen, Komodo aber "nur"
noch +1,80, sofort gewonnen hätte Le2} 34. cxd3 Bxd3? {besser ist Te3,
Komodo +1,50} 35. Qd1 Re2??? {ist ja nicht zu fassen, nun hat er es
tatsächlich geschafft, der Textzug verschenkt den gesamten restlichen
Vorteil, danach ist die Partie bereits Remis, Komodo 0,00 !!, nötig war
immer noch Te3 mit klarem Vorteil} 36. b4! {ausnahmsweise in dieser Partie
ein richtiger Zug} cxb4 37. b3! Re3 38. Rd2 {nicht optimal, besser ist Tc1,
nach dem Textzug ist Schwarz wieder leicht im Vorteil, Komodo -0,70} Qd6?
{so aber nicht, das bringt keinerlei Vorteil für Schwarz, Komodo 0,00,
deutlich besser ist Tc8} 39. Rc1 Rd8 40. Rc4 Qe7 41. Qa1 a4??? {also dieser
Zug darf doch einfach nicht wahr sein, ein absoluter VERLUSTZUG, der jetzt
sogar die Partie noch verliert, zuvor war Schwarz bereits mit +10,00 !!! im
Vorteil, einfach UNFASSBAR, Komodo -3,20} 42. bxa4 Bh4 43. Rxf4? {auch
nicht gerade das Gelbe vom Ei, büsst eine ganze Bauerneinheit ein gegenüber
Tc6, Komodo +2,00} Kh7??? {völlig orientierungslos, danach ist alles aus,
Komodo -5,00 mit der Fortsetzung Td1, deutlich mehr Widerstand leistet Lg5
mit ca. -2,00} 44. Rd1! Bg5 45. Rxb4 Rd6 46. Rb3 Qf7 47. Nxg5+??? {ein
grottenschlechter Zug, der den Vorteil von Weiss fast halbiert, dennoch
steht Weiss klar auf Gewinn, Komodo +4,00, deutlich stärker war der
sofortige Gewinnzug Tc3, den Komodo bereits mit +7,00 bewertet} hxg5 48.
Rb2 Qe7 49. Rf2 Ree6 50. Qb2 Bc4 51. Rc1 Rc6 52. Ng3? {ein schlechter Zug,
der den Vorteil von Weiss deutlich reduziert, Komodo +2,70, deutlich
stärker ist Tfc2} Bd3 53. Rxc6 Rxc6 54. Kh2 Qg7? {ein ganz schlechter Zug,
der ganze 3 Bauerneinheiten einbüsst gegenüber Lg6, Komodo -6,00} 55. Qd2!
Bc2 56. Qd5 Rc5 57. Qe6 Re5 58. Qxb6 Bg6 59. Nf5 Qd7 60. Rd2 Qf7 61. Qd8
Bxf5 62. gxf5 Re7 63. Rd6 Qe8 64. Qb6 Qf8 65. f6 Rf7 66. Rd8 Rxf6 67. Qb1+
Kg7 68. Rxf8 {Rest geschenkt / eine Partie auf erschreckendem Niveau und
mit Sicherheit die unnötigste Niederlage des gesamten Wettkampfes, wenn
nicht sogar eine der unnötigsten überhaupt in der gesamten
Schachcomputergeschichte, das noch zu verlieren ist einfach UNFASSBAR !}
1-0
[/PGN]
[pgn]

[Event "Turnier 40 / 120"]
[Site "DESKTOP-NL3KVDB"]
[Date "2023.03.17"]
[Round "49"]
[White "Mephisto Phönix Tasc R40 V 2.5 Aktiv - 40 MHZ"]
[Black "MCGE ARM CORTEX M7 - 300 MHZ"]
[Result "1-0"]
[BlackElo "2405"]
[WhiteElo "2401"]

{Analyse ----> Komodo 13.02.} 1. c4 c5 2. Nf3 Nc6 3. d4 {Buchende} cxd4
{Buchende} 4. e3? {Buchbewertung Tasc R40 V 2.5: +0,23 / gleich im 1.
berechneten Zug wieder ein Bauernopfer, unnötig zu sagen dass natürlich
Sxd4 besser ist, ob es ein beabsichtigtes Opfer ist sei dahingestellt, denn
Tasc R40 rechnet NICHT damit, dass es angenommen wird.} dxe3 {Buchbewertung
MCGE: +0,64, nimmt natürlich an, lt. Komodo steht Schwarz besser mit ca.
+0,70} 5. Bxe3 Nf6 6. Nc3 e5 7. Qb3 Be7 8. Bd3 Ng4 9. Bd2 Bc5 10. O-O d6
11. Bg5? {ein schwacher Zug, danach steht Schwarz klar besser, Komodo -1,20
mit der Fortsetzung f6, deutlich besser ist h3 mit nur ca. -0,40} f6 12.
Bd2 f5! 13. Bg5 Qd7 {klar schwächer als Sf6, Komodo +1,00} 14. h3 Nxf2
{nicht optimal, klar vorzuziehen ist Sh6, Komodo +0,70} 15. Rxf2 Bxf2+?
{klar vorzuziehen ist h6, nach dem Textzug ist die Stellung im Lot} 16.
Kxf2 h6 17. Be3 e4? {ein schlechter Zug, danach hat Weiss die Chance in
Vorteil zu kommen, Komodo -1,00 mit der Fortsetzung c5} 18. Nxe4??? {ein
ganz schlechter Zug, der die Vorzeichen umkehrt, danach ist Schwarz mit
+1,00 im Vorteil (büsst also 2 ganze Bauerneinheiten ein gegenüber c5 !)}
fxe4 19. Bxe4 Rf8??? {also das ist einfach nur absurd, den König hier in
der Mitte stehen zu lassen, schon alleine dieser Zug verdient die
Niederlage, ein Verlustzug, danach ist die Partie sofort verloren, Komodo
-2,00 mit der Fortsetzung Te1 (büsst ganze 3 Bauerneinheiten !! ein
gegenüber dem selbstverständlichen 0-0), ein unfassbar schlechter Zug, da
muss man 3x hinschauen, um das zu glauben !!!} 20. Re1! {na klar} Kd8?
{weit besser ist noch Tf7, nach dem Textzug ist bereits alles vorbei,
Komodo -2,80 mit der Fortsetzung c5, aber natürlich gilt wieder das Gleiche
wie immer, verloren aus Sicht der Top-Engine, Tasc R40 wird es erst
gewinnen müssen} 21. c5 {Tasc R40 V 2.5 spielt den richtigen Zug, dennoch
ist noch Vorsicht geboten, das ist noch nicht im Ziel, denn der Tasc sieht
nur hauchdünnen Vorteil mit +0,16} d5 {besser ist noch De6, Komodo -3,30}
22. Bxd5 Qc7 23. Rd1 Ke8 24. Kf1??? {ein völlig unverständlicher Zug, warum
bitte geht der König nicht aus dem Schlussfeld des Turmes ?, dieser völlig
unsinnige Zug verspielt die Hälfte des Vorteiles, Komodo +1,50, nötig ist
natürlich Kg1 !!} Ne7??? {der nächste Verlustzug, danach ist die Partie
wieder ganz klar verloren, Komodo -3,00 mit der Fortsetzung Te1, nötig war
Tf5 mit ca. -1,50} 25. Re1 Kd8 26. Be4 Bd7 {besser ist noch Lf5, Komodo
-3,50} 27. Bf2 Nc6 28. Qc3? {ein schwacher Zug, der eine ganze
Bauerneinheit einbüsst gegenüber Td1, Komodo +2,50} Be8??? {ein Horrorzug
!!!, danach ist alles sofort vorbei, Komodo -5,00} 29. g4 Qf4 30. Qxg7 Rf7
31. Qc3 {Komodo +7,00} h5 32. Bh4+ Kc7 33. Kg2 Qh6 34. Nd4 Nxd4 35. Qa5+ b6
36. cxb6+ Qxb6 37. Bg3+ Kc8 38. Qxb6 axb6 39. Bxa8 {Rest geschenkt / eine
völlig verdiente Niederlage für MCGE nach dem völlig absurden Zug 19. Tf8,
wo er auf die Rochade verzichtet und den König in der Mitte stehen lässt,
makaberes Detail am Rande: auch nach 0-0 wäre der Turm ja auf F8 gestanden,
einfach nur hirnrissig !!!} 1-0
[/pgn]
[pgn]

[Event "Turnier 40 / 120"]
[Site "DESKTOP-NL3KVDB"]
[Date "2023.03.18"]
[Round "50"]
[White "MCGE ARM CORTEX M7 - 300 MHZ"]
[Black "Mephisto Phönix Tasc R40 V 2.5 Aktiv - 40 MHZ"]
[Result "1/2-1/2"]
[BlackElo "2401"]
[WhiteElo "2405"]

{Analyse -----> Komodo 13.02.} 1. e4 d6 2. d4 Nf6 3. Nc3 g6 4. Nf3 Bg7 5.
Be2 O-O 6. h3 c6 7. O-O Qc7 8. Bf4 Nh5 {Buchende} 9. Bh2 {Buchende} Bh6
{Buchbewertung Tasc R40 V 2.5: -1,04} 10. Bc4 {Buchbewertung MCGE: +0,12 /
die Wahrheit liegt etwa in der Mitte der Bewertungen beider Geräte, Komodo
+0,70 für Weiss} b5 11. Bb3 Nd7 {ein schwacher Zug, deutlich besser ist a5,
Komodo -1,00} 12. e5! {richtig} Nb6 13. exd6 exd6 14. d5 Bf4? {ein
schwacher Zug, deutlich vorzuziehen ist b4, Komodo -1,30} 15. dxc6 Qxc6 16.
Nd4 Qc5 17. Ndxb5 Bb7? {deutlich besser ist noch Lxh2+, nach dem Textzug
ist die Partie bereits klar verloren, Komodo -2,20 mit der Fortsetzung
Sxd6, gewinnt schon einen 2. Bauern} 18. Qd4??? {ein Katastrophenzug, der
auf einen Schlag den gesamten Vorteil verschenkt, danach ist die Partie
bereits Remis mit der Fortsetzung Dg5, Komodo 0,00 !!, schon erstaunlich
dass MCGE hier einfach auf den Bauern verzichtet, der ist doch mit einem
Zug zu haben !! / völlig unverständlich !!} Qg5! 19. g4 Be5 {besser ist
Lf3, das hätte bereits das Remis gesichert, aber auch nach dem Textzug ist
Weiss nur knapp im Vorteil mit ca. +0,30} 20. Qe3? {so aber nicht, nötig
war Lxe5, Komodo 0,00} Nf4 21. Rfd1??? {diese höchst komplizierte Stellung
überfordert MCGE bei weitem, ein Verlustzug !!!, danach verwandelt sich
eine eben noch klar gewonnene Stellung in eine klare Verluststellung, nach
dem Textzug ist die Partie bereits klar verloren, Komodo -1,80 mit der
Fortsetzung Tae8, nötig war Tae1 mit Ausgleich} Rae8! 22. Bxf4??? {ein
grottenschlechter Zug, danach ist bereits alles vorbei, Komodo -3,60,
deutlich mehr Widerstand leistet noch Td3 mit ca. -1,80} Bxf4 23. Qd4 h5?
{ein schlechter Zug, der in etwa 1,2 Bauerneinheiten einbüsst, dennoch
steht Schwarz klar auf Gewinn, Komodo +2,40} 24. Nxd6 hxg4 25. Bxf7+ Kh7??
{ein ganz schwacher Zug, der den Vorteil von Schwarz halbiert, Komodo
+1,20, sofort gewonnen hätte Txf7 mit ca. +2,40} 26. Nce4 Bxe4 27. Nxe4
Rxe4 28. Qxe4 gxh3+?? {ein ganz schlechter Zug, der den Gewinn in weite
Ferne rückt, danach ist Schwarz nur noch knapp im Vorteil mit ca. +0,60,
nötig war Txf7 mit ca. +1,40 und klarem Vorteil} 29. Kh1 Rxf7 30. Rd3 h2
31. Re1 Kg8? {das bringt gar nichts, danach ist praktisch der gesamte
Vorteil dahin, Komodo 0,00, leichten Vorteil versprach noch Dg4 mit ca.
+0,70} 32. Qe8+ Kg7 33. Rh3 Qd5+ 34. Re4 Kf6 35. Rd3 Qg5 36. Re1 Qf5 37.
Re4 Kg5 38. Qd8+ Qf6 39. Rxf4 Qxd8 40. Rxf7 Qc8 41. Kxh2 Qxc2 42. Rg3+ Kh6
43. Rh3+ Kg5 44. Rg3+ Kh6 45. Rh3+ Kg5 46. Rg3+ {Stellungswiederholung}
1/2-1/2
[/pgn]